[Event "EU-ch 2nd"]
[Site "Ohrid"]
[Date "2001.06.12"]
[Round "11"]
[White "Kruppa, Yuri"]
[Black "Zelcic, Robert"]
[Result "0-1"]
[WhiteElo "2572"]
[BlackElo "2503"]
[Annotator "Hecht,H"]
[PlyCount "138"]
[EventDate "2001.06.01"]
[EventType "swiss"]
[EventRounds "13"]
[EventCountry "YUG"]
[SourceTitle "CBM 084"]
[Source "ChessBase"]
[SourceDate "2001.09.13"]
[SourceVersion "1"]
[SourceVersionDate "2001.09.13"]
[SourceQuality "1"]

1. d4 Nf6 2. c4 e6 3. Nc3 Bb4 4. e3 b6 5. Bd3 Bb7 6. Nf3 O-O 7. O-O c5 8. Na4
cxd4 9. exd4 Be7 10. Bf4 d6 11. a3 Nbd7 12. Rc1 Rc8 13. b4 b5 14. cxb5 Rxc1 15.
Bxc1 Qa8 16. Ne1 Rc8 17. f3 Nd5 18. Rf2 Bf6 19. Bb2 Rc7 20. Qb1 g6 21. Rc2 Rxc2
22. Qxc2 h5 23. Be4 Qd8 24. Qd3 Nf4 25. Qf1 Nd5 26. Nc2 Qc7 27. Na1 Ne7 28.
Bxb7 Qxb7 29. Qc4 Nb6 30. Nxb6 axb6 31. Nc2 Qa8 32. Qb3 Nf5 33. a4 d5 34. Bc3
Nd6 35. Na3 Nf5 36. Nc2 Nd6 37. Be1 Nc4 38. Bf2 Qb8 39. Qc3 Qa8 40. Qa1 h4 41.
Be1 Nd6 42. Kf1 Qb8 43. Qc3 Nf5 44. Kg1 e5 45. Qc6 Kg7 46. a5 exd4 47. Qxd5 Qc7
48. Qb3 Nd6 49. a6 Nxb5 50. Qd3 Na7 51. Bf2 Nc6 52. Qc4 Qf4 53. Ne1 Ne5 54. Qf1
Qd2 55. f4 Ng4 56. Nf3 Qxb4 57. Qa1 d3 58. Bd4 Bxd4+ 59. Nxd4 Qc5 {[#] Ideales
Zusammenspiel der schwarzen Figuren. Bestechendes Mattfinale. Motive:
Fesselung, Springer-/Bauerngabel, Freibauer.} 60. Kf1 (60. a7 d2 61. a8=Q Qc1+
$19) 60... Kh7 61. Qb2 (61. a7 d2 62. Ke2 Qc1 63. Qxc1 dxc1=Q 64. a8=Q Qe3+ $19
) 61... Ne3+ {[%mdl 6336]} 62. Ke1 (62. Kg1 Nd1 63. Qa1 Nc3 64. a7 Qxd4+ 65.
Kh1 d2 $19) 62... Qa5+ 63. Qd2 (63. Kf2 Nd1+ $19) 63... Nc2+ 64. Kd1 Qa1+ 65.
Qc1 Ne3+ 66. Kd2 Nf1+ 67. Qxf1 (67. Kd1 Qa4+ 68. Ke1 d2+ $19) 67... Qxf1 68. a7
Qxg2+ 69. Kxd3 Qd5 0-1

[Event "EU-Cup 01st final play-off"]
[Site "Solingen"]
[Date "1976.05.10"]
[Round "4.3"]
[White "Taimanov, Mark E"]
[Black "Hecht, Hans Joachim"]
[Result "1/2-1/2"]
[WhiteElo "2540"]
[BlackElo "2495"]
[Annotator "Hecht,H"]
[PlyCount "32"]
[EventDate "1976.05.08"]
[EventType "team-match"]
[EventRounds "3"]
[EventCountry "GER"]
[SourceTitle "MCD"]
[Source "ChessBase"]
[SourceDate "1999.07.01"]
[SourceVersion "1"]
[SourceVersionDate "1999.07.01"]
[SourceQuality "1"]
[WhiteTeam "Burevestnik"]
[BlackTeam "Solingen SG"]
[WhiteTeamCountry "URS"]
[BlackTeamCountry "GER"]

{Ein interessanter theoretischer Fall. In diesem noch nicht erklärten Abspiel
startet Taimanow einen Widerlegungsversuch mit 8. Se2, drohend c5 und a3. In
der vorliegenden Partie möchte Schwarz mit rascher Figurenentwicklung zu einem
Königsangriff gelangen und schiebt daher auch die Rochade auf.} 1. d4 Nf6 2. c4
e6 3. Nc3 Bb4 4. e3 b6 5. Bd3 Bb7 6. Nf3 Ne4 7. O-O f5 8. Ne2 ({Gligoric
versuchte in einer früheren Partie gegen Hecht} 8. d5 {was am besten mit} Bxc3
9. bxc3 Na6 {beantwortet wird.}) 8... Bd6 9. b3 Nc6 10. Bb2 Qf6 11. a3 {
[#]Ursache der späteren Schwierigkeiten ist die Preisgabe des Feldes e5 durch
den Springer mit} Nd8 $2 ({was viel besser durch} 11... Qh6 {zu ersetzen war.
Ein Beispiel:} 12. Ne5 $5 ({Wahrscheinlich spielt Weiß daher besser} 12. b4)
12... Nxe5 13. dxe5 Be7 14. Nf4 O-O 15. f3 Nc5 16. Bc2 d6 {und Schwarz steht
gut.}) 12. Ne5 Qh6 13. Ng3 Nf6 14. Qe2 O-O 15. f4 Nf7 16. b4 Rad8 {Die
Schlußstellung ist wegen des großen Raumvorteils viel besser für Weiß.} 1/2-1/2

[Event "Montreal 4th"]
[Site "Montreal"]
[Date "2003.08.01"]
[Round "9"]
[White "Lesiege, Alexandre"]
[Black "Rozentalis, Eduardas"]
[Result "0-1"]
[WhiteElo "2535"]
[BlackElo "2586"]
[Annotator "Hecht,H"]
[PlyCount "168"]
[EventDate "2003.07.23"]
[EventType "tourn"]
[EventRounds "11"]
[EventCountry "CAN"]
[EventCategory "11"]
[SourceTitle "CBM 097"]
[Source "ChessBase"]
[SourceDate "2003.11.11"]
[SourceVersion "1"]
[SourceVersionDate "2003.11.11"]
[SourceQuality "1"]

1. d4 Nf6 2. c4 e6 3. Nc3 Bb4 4. e3 b6 5. Bd3 Bb7 6. Nf3 O-O 7. O-O Re8 8. Bd2
d6 9. Qc2 Nbd7 10. e4 e5 11. d5 Nc5 12. Rfe1 Nxd3 13. Qxd3 Nh5 14. a3 Bxc3 15.
Qxc3 Bc8 16. h3 Qf6 17. b4 h6 18. c5 g5 19. Nh2 Qg6 20. a4 Nf4 21. cxb6 cxb6
22. a5 Ba6 23. axb6 axb6 24. Qc6 Rac8 25. Qxb6 Bd3 26. Qe3 f5 27. exf5 Bxf5 28.
b5 Nxd5 29. Qb3 Be6 30. Ra6 Nb6 31. Qb1 Qxb1 32. Rxb1 Nc4 33. Bb4 Bf5 34. Rd1
Rb8 35. Bxd6 Red8 36. Rc6 Rbc8 37. Ra6 Bc2 38. Rd5 Be4 39. Rc5 Rxc5 40. Bxc5
Rd1+ 41. Nf1 Nd2 42. f3 Rxf1+ 43. Kh2 Bb7 44. Rg6+ Kh7 45. Rd6 Nxf3+ 46. gxf3
Bxf3 47. Kg3 h5 48. h4 g4 49. Re6 Ba8 50. Bf2 Rh1 51. Bc5 Rh3+ 52. Kf2 g3+ 53.
Ke2 Rh2+ 54. Kd3 e4+ 55. Ke3 Rxh4 56. Re8 g2 57. Kf2 e3+ 58. Bxe3 Rh1 59. Ke2
Bd5 60. Re5 Bc4+ 61. Kf3 g1=Q 62. Bxg1 Rxg1 63. Rxh5+ Kg6 64. Rc5 Be6 65. Kf4
Kf6 66. b6 Rb1 67. Rc6 Rb4+ 68. Ke3 Ke5 69. b7 Rxb7 {Beginning of the pure
rook vs. rook + bishop ending, that is without pawns on the side of the rook.
The ending is a theoretical draw - the 50 move rule can be invoked. Beginn des
Endspiels Turm vs Turm+Läufer in Reinkultur, also ohne Bauern auf der
Turmseite. Das Endspiel ist theoretisch remis - es gilt die 50-Züge-Regel.} 70.
Rc5+ Bd5 71. Rc8 Rb3+ 72. Kd2 Kd4 73. Rd8 Rb2+ 74. Kd1 Rh2 75. Rd7 Ke4 76. Rd8
Bc4 77. Re8+ Kd4 78. Ke1 Bd3 {[#] A dangerous setup for White. [#] Eine für
Weiß gefährliche Aufstellung.} 79. Re7 $2 {Already the decisive mistake.
Bereits der entscheidende Fehler.} (79. Rg8 $1 $11 {[%cal Gg8g3,Gg8b8]}) (79.
Kd1 Be4 80. Rg8 Ke3 81. Rg3+ $11) (79. Rd8+ Ke3 80. Re8+ Be4 $19 {FRITZ: #18}
81. Rf8 Rc2 82. Rd8 Bc6 $1 {[%csl Ge8]} 83. Rd6 (83. Kd1 Rc5 84. Ke1 Rh5 85.
Rf8 (85. Kd1 Be4 86. Kc1 Rb5 $19) 85... Bb5 {[%csl Ge8,Gf1]} 86. Kd1 Rc5 $19 {
[%cal Rb5e2]}) 83... Bf3 84. Re6+ Be4 85. Rd6 Re2+ 86. Kd1 Rg2 87. Kc1 Rc2+ 88.
Kd1 Rc5 {[%cal Re4f3]} 89. Re6 Rb5 $19 {[%csl Gc6]}) 79... Be4 $1 $19 80. Kd1 (
80. Re8 Ke3 81. Rf8 Rc2 82. Rd8 (82. Kd1 Rc6 83. Re8 Rg6 84. Kc1 Rb6 $19) 82...
Bc6 {[%csl Ge8]} 83. Kd1 (83. Rd6 Bf3 84. Re6+ Be4 85. Rd6 Re2+ 86. Kd1 Rh2 87.
Kc1 Rc2+ 88. Kd1 Rc5 89. Re6 (89. Ke1 Bd5 $1 {protected, thanks to Rc5!
gedeckt dank Tc5!}) 89... Rb5 $19) 83... Rc5 $19 {[%cal Rc6f3]}) 80... Ke3 81.
Kc1 Rc2+ 82. Kd1 Rc8 83. Re5 Rh8 84. Kc1 Rb8 0-1

[Event "Linares Anibal op 04th"]
[Site "Linares"]
[Date "1997.??.??"]
[Round "2"]
[White "Stojanovic, Mihajlo"]
[Black "Ibragimov, Ildar"]
[Result "1/2-1/2"]
[WhiteElo "2445"]
[BlackElo "2555"]
[Annotator "Hecht,H"]
[PlyCount "133"]
[EventDate "1997.02.??"]
[EventType "swiss"]
[EventRounds "10"]
[EventCountry "ESP"]
[SourceTitle "CBM 058"]
[Source "ChessBase"]
[SourceDate "1997.06.01"]
[SourceVersion "1"]
[SourceVersionDate "1997.06.01"]
[SourceQuality "1"]

1. d4 Nf6 2. c4 e6 3. Nc3 Bb4 4. e3 b6 5. Bd3 Bb7 6. Nf3 O-O 7. O-O c5 8. Na4
cxd4 9. exd4 Qc7 10. Be3 Be7 11. h3 d6 12. Bf4 Nbd7 13. Re1 Rfe8 14. Rc1 Bf8
15. c5 bxc5 16. Nxc5 Bc6 17. Qc2 Bxf3 18. gxf3 Rac8 19. Qa4 Nb6 20. Qa6 Nfd5
21. Ne4 Qb8 22. Bd2 e5 23. a4 exd4 24. Qb5 Re5 25. a5 Nf4 26. Qa6 Nxd3 27. Qxd3
Nd7 28. Qxd4 Nc5 29. b4 Nxe4 30. fxe4 Rce8 31. Bf4 Rb5 32. Rc4 Qb7 33. Qd2 Qd7
34. Kh2 d5 35. Rd4 Qe7 36. Rxd5 Rxd5 37. Qxd5 Qxb4 38. Re3 Bc5 39. Rb3 Qd4 40.
Be3 Bd6+ 41. Kg2 Qxe4+ 42. Qxe4 Rxe4 43. Bxa7 Kf8 44. Rb7 Ke8 45. Bb6 Ra4 46.
Kf3 g5 47. Ke3 h5 48. Ra7 g4 49. hxg4 h4 50. a6 h3 51. Ra8+ Kd7 52. a7 h2 53.
Rh8 Be5 54. Rh5 Kc6 55. Bc5 Kb7 56. Rh7 Ka8 57. f4 Rxf4 58. Rxh2 Rc4 59. Rh7
Rxc5 60. Rxf7 Bd6 61. Rg7 Bc7 62. g5 Kxa7 63. Kd4 Kb6 {[#] Muß sich Weiß auf
das Halten des g-Bauern oder gar auf das unangenehme Remisendspiel T vs. T+L
einstellen!? Weiß rechnet genau und durchschlägt den gordischen Knoten. Das
Endspiel Bauer gegen Turm ist gerade eben remis.} 64. Rxc7 $1 Rxc7 65. Ke5 Kc6
(65... Rc1 66. g6 Kc6 67. g7 Rg1 68. Kf6 Kd7 69. Kf7 Rf1+ 70. Kg6 $11) 66. g6
Kd7 67. g7 1/2-1/2

[Event "Noisiel op 4th Op A"]
[Site "Noisiel"]
[Date "2019.03.05"]
[Round "6"]
[White "Iniyan, Panneerseluam"]
[Black "Fedorchuk, Sergey A"]
[Result "1-0"]
[WhiteElo "2487"]
[BlackElo "2609"]
[Annotator "Iniyan,P"]
[PlyCount "75"]
[EventDate "2019.02.04"]
[EventType "swiss"]
[EventRounds "9"]
[EventCountry "FRA"]
[SourceTitle "EXT 2020"]
[Source "ChessBase"]
[SourceDate "2019.10.17"]
[SourceVersion "1"]
[SourceVersionDate "2019.10.17"]
[SourceQuality "1"]

1. d4 Nf6 2. c4 e6 3. Nc3 Bb4 4. e3 b6 5. Bd3 Bb7 6. Nf3 c5 7. O-O O-O 8. Na4
cxd4 9. exd4 Re8 10. a3 Bf8 11. b4 (11. Bf4 Bxf3 12. Qxf3 Nc6 13. Be5 Rc8 14.
Rfd1 d6 15. Bxf6 Qxf6 16. Qxf6 gxf6 17. Bf1 f5 18. Rab1 Bg7 19. d5 Nd4 20. dxe6
fxe6 21. Nc3 Red8 22. g3 Kf7 23. Kg2 Rd7 24. b3 a6 25. Rd2 b5 26. Ne2 Nxe2 27.
Bxe2 bxc4 28. bxc4 Bc3 29. Rd3 Ba5 30. Rdb3 Bd8 {1/2-1/2 (30) Sadler,M (2685)
-Howell,D (2676) London 2017}) 11... a5 12. b5 d6 13. Nd2 $5 {Bringing the
Knight to b3 so that I could play c5 in reply to d5.} Nbd7 14. Nb3 Rc8 15. Be3
Be4 $146 (15... e5 16. d5 Nc5 17. Nbxc5 dxc5 18. Nc3 h6 19. Qd2 e4 20. Bc2 Bd6
21. Bf4 Rc7 22. Rae1 Rce7 23. h3 Bc8 24. Bxd6 Qxd6 25. Re3 Qf4 26. Rfe1 Bf5 27.
Ne2 Qd6 28. Ng3 Bg6 29. R1e2 Qf4 30. Qe1 Re5 31. d6 R5e6 32. Nxe4 Bxe4 33. Rxe4
Nxe4 34. d7 Rd8 35. Bxe4 Rxd7 36. Bd5 Rxe2 37. Qxe2 Kf8 38. g3 Qf6 39. Qg4 Rd8
40. h4 g6 41. Kg2 h5 42. Qe2 Re8 43. Qd2 Kg7 44. a4 Qd4 45. Qc2 {Michalik,P 
(2579)-Nisipeanu,L (2670) Pardubice 2013 0-1}) 16. Rc1 Qc7 17. Be2 {I thought
that it is better to keep the pieces on the board with space advantage.} Qb8
18. f3 {Making black to decide where to place the Bishop.} Bg6 19. Qd2 Red8 20.
Rfd1 h6 21. Qe1 Re8 22. Qf2 Rc7 23. g4 Rcc8 {He is waiting.} 24. h4 Be7 25. Qh2
$1 $36 {[%csl Rg6,Gh2][%cal Gc4c5,Gh2b8,Gg4g5,Gh4h5] Threatening c5 and
exhcanging the Queens and also g5 Nh7 h5.} (25. g5 Nh7 26. gxh6 Nhf6 {Seemed
to be a possibility when with the h5 square controlled black could be fine.})
25... Qa7 26. g5 hxg5 (26... Nh5 27. f4 {and the Knight is trapped. I will
play Bf3 and Qe2.}) 27. hxg5 Nh7 28. Qg3 Bd8 29. Kf2 {Opening the first rank
for the Rook and also protecting the e3 Bishop.} e5 $2 {Although it is hard to
play this position with black, this move gives white a huge advantage.} 30.
dxe5 dxe5 31. Qg4 Re6 32. c5 Nxc5 33. Nbxc5 bxc5 34. Bc4 {Black's Rook on c8
is unfortunately placed.} Nf8 35. Qh3 Be7 $6 36. Rh1 Bh7 37. g6 $1 {Precise.}
Qb8 38. Bxe6 1-0

[Event "Bundesliga 9596"]
[Site "Germany"]
[Date "1996.??.??"]
[Round "?.1"]
[White "Jussupow, Artur"]
[Black "Wahls, Matthias"]
[Result "1/2-1/2"]
[WhiteElo "2655"]
[BlackElo "2555"]
[Annotator "Jussupow,A"]
[PlyCount "91"]
[EventDate "1995.10.14"]
[EventType "team-tourn"]
[EventRounds "15"]
[EventCountry "GER"]
[SourceTitle "GER-chT"]
[Source "ChessBase"]
[SourceDate "1999.07.01"]
[SourceVersion "1"]
[SourceVersionDate "1999.07.01"]
[SourceQuality "1"]
[WhiteTeam "Solingen"]
[BlackTeam "Hamburger SK"]
[WhiteTeamCountry "GER"]
[BlackTeamCountry "GER"]

1. d4 {Semkov,S} Nf6 2. c4 e6 3. Nc3 Bb4 4. e3 b6 5. Bd3 Bb7 6. Nf3 Ne4 7. O-O
Bxc3 8. bxc3 f5 (8... Nxc3 9. Qc2 Bxf3 10. gxf3 Qg5+ 11. Kh1 Qh5 12. Rg1 $1
Qxf3+ 13. Rg2 f5 14. Ba3 (14. Qxc3 Qd1+ $10) (14. Bb2 Ne4 15. Rf1 Nc6 16. Be2
Qh3 17. d5 $1 $40 {Taimanov-Kluger/Budapest 1961}) 14... Ne4 15. Rf1 Rg8 16.
Be2 Qh3 17. f3 Nf6 18. d5 Kf7 19. e4 $40 {Keres,P-Spassky,B/Riga cq(8) 1965}) (
8... O-O 9. Ne1 (9. Nd2 f5 10. f3 Nxd2 11. Bxd2 Nc6 (11... d6 12. Qb3 $5 (12.
Qc2 Nd7 13. Rae1 Qe7 14. e4 fxe4 15. Bxe4 Bxe4 16. Qxe4 Rae8 $10 {Navarovszky,
L-Littke,A/Budapest FS9/IM 1993}) (12. e4 fxe4 13. fxe4 Rxf1+ 14. Qxf1 Nd7 15.
Qf3 Qe7 (15... Qh4 $5 16. g3 Qe7) 16. Qh3 e5 17. c5 $13 {Gausel-Lauvas/Gausdal
1990}) 12... c5 13. a4 a5 14. e4 fxe4 15. fxe4 Nd7 16. Rxf8+ Nxf8 17. Rb1 Nd7
18. Qd1 $14 Bc8 $6 19. Qh5 Nf6 20. Qh4 Ra7 21. e5 dxe5 22. Bxh7+ $16 {Yuferov,
S-Zsinka,L/Budapest Festival 1991}) 12. Qc2 (12. e4 fxe4 13. Bxe4 Na5 14. Bd3
Rc8 15. Qe1 c5 $132 {Khotilin-Obukhov,A/Briansk Russia tch 1995}) 12... Qh4 {
-E43/4} (12... Qe7 13. e4 fxe4 14. Bxe4 $14) (12... Na5 13. c5 bxc5 (13... d6
14. cxd6 Qxd6 15. c4 c5 16. d5 exd5 17. cxd5 Bxd5 18. Bxa5 bxa5 19. Bxf5 g6 20.
Bd3 $16 {Navarovszky,L-Zak,U/Budapest FS9/IM 1993}) 14. Rab1 Bc6 15. c4 $44 Nb7
16. d5 exd5 17. cxd5 Bxd5 18. Bxf5 h6 19. e4 Nd6 20. Bh3 $16 {Voiculescu,
P-Fahnenschmidt,G/Hamburg EUchT 1965})) 9... Qh4 (9... f5 {-8...f5}) 10. f3 Ng5
11. e4 f5 12. exf5 exf5 13. Nc2 f4 14. d5 Na6 15. Nd4 Nc5 16. Bc2 Ba6 17. Nf5
$16 {Gligoric,S-Rodriguez/La Habana 1969 -8/536}) 9. Ne1 (9. Nd2 Qg5 $5 (9...
Qh4 10. f3 Nxd2 11. Bxd2 O-O 12. Qe2 Nc6 13. e4 fxe4 14. fxe4 d6 15. g3 Qh3 16.
Bg5 $14 Rae8 17. Rab1 e5 18. d5 Na5 19. c5 $1 dxc5 20. Bb5 c6 21. Ba4 $16 {
Malaniuk,V-Hjartarson,J/Tilburg 10' (02) 1993}) 10. Nxe4 fxe4 11. Be2 O-O 12.
f3 exf3 13. Bxf3 Bxf3 (13... Nc6 14. e4 Qg6 15. Ba3 d6 16. e5 Na5 17. Bxb7 Nxb7
18. exd6 cxd6 19. Qe2 $14 {Zawadski-Levacic,D/FRA-chT 1989}) 14. Rxf3 Nc6 $10)
(9. d5 {-7...f5 8.d5 Bc3 9.bc}) (9. Ba3 $5 d6 10. d5 exd5 11. Nd4 dxc4 12. Bxc4
d5 13. Ne6 $1 Qd7 14. Bxd5 Bxd5 15. Qxd5 Qxd5 16. Nxc7+ Kf7 17. Nxd5 Rc8 18.
Rfc1 Nd7 19. Ne7 $16 {Schon,W-Tsesarsky/Budapest op 1989}) 9... O-O (9... Nxc3
10. Qh5+ g6 11. Qh6 Ne4 (11... Qf6 12. f3 $14 {|^/Bronstein-Dely/Szombathely
1966/ECO}) 12. f3 Ng5 13. e4 Nf7 14. Qg7 Qe7 15. exf5 gxf5 16. Bxf5 $1 Nc6 (
16... exf5 17. Nd3) 17. Nc2 O-O-O 18. Ba3 Qg5 19. Qxg5 Nxg5 20. Bd3 $14 {
Semkov,S-Wilder,M/Saint John op-2 1988}) 10. f3 Nf6 (10... Nd6 11. Ba3 Rf6 (
11... c5 12. dxc5 bxc5 13. Bxc5 Qc7 14. Ba3 Rc8 (14... Na6 15. Be2 Nc5 16. Qd4
Rfc8 17. Nd3 Nce4 $2 18. fxe4 Nxc4 19. exf5 $1 Nxa3 20. f6 $18 {Lukacs,
P-Lendwai,R/Kecskemet 1991}) 15. Rb1 Ba6 16. c5 Nc4 17. Bxc4 Bxc4 18. Rf2 $14 {
Bannik,A-Tarasov,V/SSSR ch 1961}) (11... Nc6 12. c5 bxc5 13. Bxc5 Ne7 14. Rb1
Bc6 15. c4 a5 16. Qc1 Nf7 17. e4 $16 {Semkov-Inkiov/Bulgaria 1989/-47/(687)})
12. Qe2 Nc6 13. Nc2 e5 14. e4 f4 15. c5 Nf7 $13 16. Bc4 Kh8 17. Rfd1 Qe8 18.
Nb4 Nxb4 19. cxb4 exd4 20. Rxd4 Ne5 21. Bd5 bxc5 22. bxc5 Ba6 23. Qd1 Rb8 {
1/2-1/2 Wilder,M-Hansen,C/Dortmund 1988}) (10... Ng5 11. Qe2 (11. Nc2 d6 12.
Re1 Nd7 13. e4 f4 14. h4 Nf7 15. Bxf4 Qxh4 16. Qd2 {1/2-1/2 Marin,M-Inkiov,V/
EU-chT Haifa (4) 1989}) (11. Rb1 d6 12. Rb2 Nd7 13. Rbf2 $14 e5 14. c5 dxc5 15.
h4 e4 16. Qb3+ Kh8 17. Bb1 $13 c4 18. Qxc4 Nf7 19. Ba3 Nd6 20. Bxd6 $16 {
Portisch,L-Inkiov,V/Cannes op 1992}) (11. c5 Nc6 12. Qe2 Qf6 13. Ba3 Rfe8 14.
Nc2 e5 15. d5 Ne7 16. e4 d6 $132 {Muir,A-Hracek,Z/Debrecen EU tch 1992}) 11...
Qf6 12. Ba3 d6 13. Nc2 $14 {Antoshin-Cseshkovsky/USSR ch 1967}) 11. a4 (11. Nc2
c5 (11... Nc6 12. e4 (12. Qe2 Qe7 13. Ba3 $6 d6 14. Rab1 g6 $10 {Bukovak,R-De
Fotis,G/Philadelphia World op 1991}) 12... fxe4 13. fxe4 d6 14. Bg5 h6 15. Bh4
Qe7 16. Ne3 g5 17. Bg3 $16 {Kharitonov-Sherbakov/USSR 1986}) (11... Qe8 12. Ba3
d6 13. c5 $14 {Gligoric-Lehmann/Madrid 1960}) (11... d6 $5 12. Qe2 $140 Nbd7
13. e4 fxe4 14. fxe4 e5 15. Bg5 Qe8 {ECO}) 12. Qe2 (12. Bd2 d6 {/\Nbd7=/ECO} (
12... Qe7 13. Qe2 d6 (13... Be4 $2 14. fxe4 fxe4 15. Rxf6 $1 $16) 14. e4 fxe4
15. fxe4 Nc6 16. Bg5 cxd4 17. cxd4 Rae8 18. Rae1 $16 {Gligoric-Kuzmin,G/
Bled-Portoroz 1979/-27/599})) 12... d6 (12... Be4 $2 {Semkov,S inf.47/687} 13.
fxe4 fxe4 14. Rxf6 $1 $18) (12... Ne4 {Semkov,S} 13. Qe1) (12... Nh5 $5 13. e4
f4 (13... fxe4 {Semkov,S} 14. fxe4 Rxf1+ 15. Qxf1 Qh4 16. g3 Nxg3 $2 17. Qf2
$18) 14. Ba3 $1 Na6 (14... Ng3 $2 {Semkov,S} 15. hxg3 fxg3 16. Rfd1 Qh4 17. Qe3
$18) (14... d6 {Semkov,S} 15. e5 Ng3 $2 16. hxg3 fxg3 17. exd6 $1 $8 {/\} Qh4
18. Qxe6+ Kh8 19. Qh3 $18) (14... Qh4 {Semkov,S} 15. Rfe1 Rf6 16. Qf2 $16) 15.
Qf2 $36 d6 16. e5 $1 dxe5 17. Rfe1 $44 {Semkov,S-Ionescu,Co/Albena 1989/47/687}
) 13. e4 fxe4 14. fxe4 Nbd7 15. Bg5 Qc7 16. Kh1 cxd4 17. cxd4 e5 18. d5 Rf7 19.
Ne3 Raf8 20. Nf5 Nc5 21. Rf3 Nxd3 22. Qxd3 Bc8 23. Raf1 Bxf5 24. Rxf5 Nd7 $10 {
Gulko-Vyzmanavin/USSR 1984}) (11. Rb1 $5 d6 12. Rb2 Nc6 13. Rbf2 Nd7 14. Nc2
Na5 15. e4 f4 16. g3 $1 g5 17. Rg2 Kh8 18. h4 $1 $36 {Tarjan-Fries Nielsen,JO/
Luzern ol 1982}) (11. Qe2 d6 12. e4 fxe4 13. fxe4 e5 (13... c5 14. Nf3 Qe8 15.
Bf4 e5 $5 16. dxe5 Nh5 17. Bg5 h6 18. Bd2 dxe5 19. Nxe5 $5 Qxe5 20. Rxf8+ Kxf8
21. Rf1+ Nf6 22. Rf5 Qe7 23. e5 Nbd7 $13 {Semkov,S-De Eccher,S/Forli op 1988})
14. Nf3 Nc6 (14... Nbd7 15. Bg5 Qe8 16. Rae1 Qh5 17. Bc1 Rae8 18. Qc2 $13 {
Ojanen,K-Moeckel,E/Woerishofen chs 1992}) 15. c5 Na5 $1 $132 16. d5 dxc5 17. c4
Qe7 18. Bb2 Nd7 19. Bc3 Ba6 20. Bxa5 bxa5 $44 {Southam,T-Ivanov,IV/
Philadelphia World op 1992}) 11... c5 $146 (11... Nc6 12. Ra2 (12. e4 fxe4 13.
fxe4 e5 14. Bg5 $14 Qe7 15. Nc2 Qd6 16. Bh4 $5 Rae8 17. Bg3 Qe7 18. Ne3 d6 19.
Bh4 Nd8 20. Nd5 $36 {Bronstein,D-Golombek,H/Moscow1956}) 12... Na5 13. Raf2 Qe7
14. Qe2 d6 15. e4 $14 {Geller-Kramer/Helsenki ol 1952}) (11... d6 12. a5 (12.
Ra2 $5) 12... Nc6 13. a6 Bc8 14. c5 dxc5 15. Ba3 Na5 16. dxc5 Re8 17. Bb4 $14 {
Jelen,Iz-Roskar,R/Bled op 1993}) 12. a5 $5 bxa5 13. Rf2 (13. Ba3 Na6) 13... Nc6
14. Rfa2 Qc7 15. Be2 {[%csl Rc5][%cal Ye1d3] /\ Nd3} Ba6 $1 {[%csl Rc4][%cal
Ya6c4]} (15... d6 $6 16. Nd3 {/\Nf4, d4-d5}) 16. dxc5 {[%cal Ye1c2,Yc2d4] /
\Nc2-d4} Qe5 $1 $132 17. Nd3 Qc7 (17... Qxc3 $4 18. Bd2 Qxc4 19. Nf4 $16) 18.
Ra4 $5 {[%csl Rc4]} (18. Ne1 $10) 18... Rf7 19. Bd2 {[%cal Yd2e1,Ye1g3] /
\Be1-g3} g5 $5 20. Be1 Bb7 21. Nc1 {[%csl Ra5][%cal Yc1b3] /\Nb3} Qe5 {[%csl
Rc5,Re3]} 22. Nd3 Qc7 23. Rb1 $5 (23. Nc1 $10) 23... Re8 24. Nc1 e5 25. Nb3 (
25. Qd6 Qc8 26. Nb3 Re6 $13) 25... f4 $2 (25... Ba8 $13 26. Rba1) (25... e4 26.
Nd4) (25... Re6 $142 $132 26. Rba1 $140 a6 27. Nxa5 Nxa5 28. Rxa5 Rc6 (28... e4
)) 26. e4 {[%csl Ra5]} Kh8 27. Rba1 g4 28. Bh4 $16 gxf3 29. Bxf3 Rg8 30. Qd6
Qxd6 31. cxd6 Ng4 32. Nxa5 Ba8 $138 33. Nxc6 Bxc6 34. Rb4 (34. Rxa7 Ne3 $132)
34... Ne3 35. Kf2 Ng4+ (35... Nc2 $2 36. Rxa7 Nxb4 37. cxb4 $16) 36. Kg1 Ne3
37. Rxa7 $138 (37. Kh1 $5) 37... Nxg2 $1 38. Bxg2 Rg4 $3 (38... Bxe4 39. Rb2 f3
(39... Rfg7 $2 40. Bf6 $18) 40. Bg3 $1 $18) 39. Be1 $1 Bxe4 {[%csl Ga7,Gb4,Rg2]
[#] With only one minute left for the last move White had to decide, which
rook should defend a bishop. Does it make any difference?} (39... f3 $2 40. Bg3
$18) 40. Ra2 $2 (40. Rb2 $1 f3 (40... Rfg7 41. Raa2 f3 42. Bg3 Rxg3 43. hxg3
Rxg3 44. Ra5 fxg2 45. Rxe5 $18) 41. Bg3 fxg2 42. Bxe5+ Kg8 43. Rb8+ Rf8 44.
Rxf8+ Kxf8 {[%csl Ga2]} 45. Rxd7 {The point of 40.Rb2. In the game White had a
rook on a2 and should accept a draw.} Rg5 46. Re7 Bc6 47. Rc7 $18) 40... f3 41.
Bg3 fxg2 42. Bxe5+ Kg8 43. Rb8+ Rf8 44. Rxf8+ Kxf8 45. Rf2+ Kg8 46. Rf4 $10
1/2-1/2